| 000 | 00824nam a22002177a 4500 | ||
|---|---|---|---|
| 999 |
_c12974 _d12974 |
||
| 003 | AR-CdUCM | ||
| 008 | 190410b ||||| |||| 00| 0 spa d | ||
| 040 |
_aMUNICIPALIDAD PROVINCIAL DEL CUSCO _cBIBLIOTECA MUNICIPAL DEL CUSCO |
||
| 082 |
_a346.34 / _bB39 |
||
| 100 |
_aBessone, Riéffolo _931116 |
||
| 245 |
_aLos derechos sociales de la mujer : _b(Cartas a mi amigo Bover) |
||
| 260 |
_aBuenos Aires : _bEl ateneo. _c1950 |
||
| 300 |
_a231 páginas ; _c18 cm. |
||
| 440 |
_aBiblioteca del ciudadano _n1 _931117 |
||
| 505 | _aContenido : Dos cartas a manera de prologo -- De bue nos Aires a Copenhague -- Derecho electoral de la mujer Argentina -- Antecedentes historicos en general ... | ||
| 650 |
_aDerecho _9739 |
||
| 650 |
_aSociedad _953 |
||
| 650 |
_aMujer _9143 |
||
| 942 |
_2ddc _cLIBROS |
||
| 945 |
_arah _d10/04/2019 |
||